[Event "Runavik op"]
[Site "Runavik"]
[Date "2017.11.25"]
[Round "8"]
[White "Jacobsen, Markus"]
[Black "Skaale, Janus"]
[Result "0-1"]
[WhiteElo "1029"]
[BlackElo "1897"]
[PlyCount "46"]
[EventDate "2017.11.20"]
[EventType "swiss"]
[EventRounds "9"]
[EventCountry "FAI"]
[SourceTitle "CBM 181 Extra"]
[Source "ChessBase"]
[SourceDate "2017.12.12"]
[SourceVersion "1"]
[SourceVersionDate "2017.12.12"]
[SourceQuality "1"]

1. e4 c5 2. Nf3 d6 3. Nc3 Nf6 4. Bc4 e6 5. d3 Be7 6. 0-0 0-0 7. Bg5 a6 8. a4 Nc6 9. Bxf6 Bxf6 10. Re1 Qc7 11. h3 Bd7 12. Qd2 Rab8 13. Rab1 Nb4 14. Re2 b5 15. axb5 axb5 16. e5 dxe5 17. Ba2 Ra8 18. Ra1 Ra7 19. Qe1 Rfa8 20. Nxe5 Bxe5 21. Rxe5 Nxc2 22. Qb1 Nxa1 23. Qxa1 Qxe5 0-1

[Event "Runavik op"]
[Site "Runavik"]
[Date "2017.11.25"]
[Round "7"]
[White "Skaale, Janus"]
[Black "Morkore, Rogvi"]
[Result "0-1"]
[WhiteElo "1897"]
[BlackElo "1341"]
[PlyCount "78"]
[EventDate "2017.11.20"]
[EventType "swiss"]
[EventRounds "9"]
[EventCountry "FAI"]
[SourceTitle "CBM 181 Extra"]
[Source "ChessBase"]
[SourceDate "2017.12.12"]
[SourceVersion "1"]
[SourceVersionDate "2017.12.12"]
[SourceQuality "1"]

1. e4 e6 2. d4 d5 3. e5 c5 4. c3 Nc6 5. Nf3 Qb6 6. a3 c4 7. Nbd2 Na5 8. Be2 Bd7 9. 0-0 Be7 10. Re1 Nh6 11. Nf1 Nf5 12. Ng3 Nxg3 13. hxg3 Nb3 14. Rb1 Nxc1 15. Qxc1 Ba4 16. Bd1 Bxd1 17. Qxd1 Qa5 18. Nd2 b5 19. Qg4 0-0 20. f4 g6 21. Nf1 Qc7 22. Ne3 Qd7 23. Kf2 Kg7 24. Rh1 Rh8 25. Rh2 h5 26. Qf3 Raf8 27. f5 exf5 28. Qxd5 Qxd5 29. Nxd5 Bg5 30. Nc7 Rb8 31. d5 Bd8 32. Na6 Bb6+ 33. Kf3 Rbd8 34. Rd1 Rhe8 35. Kf4 f6 36. exf6+ Kxf6 37. Rhh1 g5+ 38. Kf3 g4+ 39. Kf4 Be3# 0-1

[Event "Runavik op"]
[Site "Runavik"]
[Date "2017.11.22"]
[Round "4"]
[White "Nielsen, Rogvi Egilstoft"]
[Black "Skaale, Janus"]
[Result "1-0"]
[WhiteElo "2340"]
[BlackElo "1897"]
[PlyCount "61"]
[EventDate "2017.11.20"]
[EventType "swiss"]
[EventRounds "9"]
[EventCountry "FAI"]
[SourceTitle "CBM 181 Extra"]
[Source "ChessBase"]
[SourceDate "2017.12.12"]
[SourceVersion "1"]
[SourceVersionDate "2017.12.12"]
[SourceQuality "1"]

1. e4 c5 2. c3 d5 3. exd5 Qxd5 4. d4 cxd4 5. cxd4 Nc6 6. Nf3 Nf6 7. Nc3 Qa5 8. d5 Nb4 9. Bc4 Bg4 10. 0-0 Rd8 11. Bd2 Qc5 12. Bb5+ Bd7 13. Be3 Qd6 14. Bc4 e6 15. Nb5 Bxb5 16. Bxb5+ Nd7 17. dxe6 fxe6 18. Nd4 a6 19. Bc4 Nd5 20. Nxe6 Qxe6 21. Bxd5 Qg6 22. Re1 Be7 23. Qb3 b5 24. a4 b4 25. Rac1 Nf6 26. Bc6+ Kf8 27. Bb6 Rd3 28. Qe6 Qf7 29. Qc8+ Ne8 30. Bxe8 Qxe8 31. Qf5+ 1-0

[Event "Uppsala Young Champions"]
[Site "Uppsala"]
[Date "2017.10.31"]
[Round "7"]
[White "Schack, Asbjorn Hovgaard"]
[Black "Skaale, Janus"]
[Result "1-0"]
[WhiteElo "2158"]
[BlackElo "1897"]
[PlyCount "125"]
[EventDate "2017.10.27"]
[EventType "swiss"]
[EventRounds "9"]
[EventCountry "SWE"]
[SourceTitle "CBM 181 Extra"]
[Source "ChessBase"]
[SourceDate "2017.12.12"]
[SourceVersion "1"]
[SourceVersionDate "2017.12.12"]
[SourceQuality "1"]

1. d4 d5 2. c4 c6 3. Nc3 Nf6 4. e3 e6 5. Nf3 Nbd7 6. b3 Bd6 7. Be2 0-0 8. 0-0 Re8 9. Bb2 Qc7 10. Rc1 dxc4 11. bxc4 e5 12. c5 Bf8 13. Bc4 b5 14. cxb6 Nxb6 15. Bb3 e4 16. Ng5 Be6 17. Bxe6 fxe6 18. Ncxe4 Nxe4 19. Nxe4 Rac8 20. Qg4 Qf7 21. Nc5 Qf5 22. Qxf5 exf5 23. Nd3 Bd6 24. g3 g6 25. Rc2 Rc7 26. Rfc1 Rec8 27. Nc5 Nd5 28. Bc3 Bxc5 29. dxc5 Rb7 30. Be5 Re8 31. Rb2 Rxb2 32. Bxb2 Rb8 33. Bd4 Kf7 34. Rc2 Ke6 35. Kg2 Rb4 36. Kf3 Nc7 37. Ke2 Kd5 38. Kd3 Ne6 39. Bf6 Nxc5+ 40. Rxc5+ Kxc5 41. Be7+ Kb5 42. Bxb4 Kxb4 43. f3 Kc5 44. e4 fxe4+ 45. fxe4 Kd6 46. a4 Ke5 47. a5 g5 48. g4 h6 49. a6 Kd6 50. h3 Ke5 51. Kc4 Kxe4 52. Kc5 Kf3 53. Kxc6 Kg3 54. Kb7 Kxh3 55. Kxa7 Kxg4 56. Kb6 h5 57. a7 h4 58. a8Q h3 59. Qh1 Kg3 60. Qg1+ Kh4 61. Qh2 g4 62. Qf4 Kh5 63. Kc5 1-0

[Event "Uppsala Young Champions"]
[Site "Uppsala"]
[Date "2017.10.30"]
[Round "5"]
[White "Skaale, Janus"]
[Black "Storme, Isak"]
[Result "0-1"]
[WhiteElo "1897"]
[BlackElo "2144"]
[PlyCount "72"]
[EventDate "2017.10.27"]
[EventType "swiss"]
[EventRounds "9"]
[EventCountry "SWE"]
[SourceTitle "CBM 181 Extra"]
[Source "ChessBase"]
[SourceDate "2017.12.12"]
[SourceVersion "1"]
[SourceVersionDate "2017.12.12"]
[SourceQuality "1"]

1. e4 c5 2. Nf3 d6 3. d4 cxd4 4. Nxd4 Nf6 5. Nc3 Nc6 6. Be3 Ng4 7. Qd2 Nxe3 8. Qxe3 g6 9. Be2 Bg7 10. Nxc6 bxc6 11. 0-0 Qb6 12. Qxb6 axb6 13. Nd1 Be6 14. a3 0-0 15. c3 f5 16. exf5 gxf5 17. f4 Bd5 18. Ne3 Be4 19. Bf3 d5 20. Bxe4 fxe4 21. Rad1 h5 22. Nc2 Rf5 23. g3 Rd8 24. Rfe1 Rd6 25. Kf2 Rff6 26. Kg2 Rf8 27. Kf2 Rdf6 28. Ne3 e5 29. Nxd5 cxd5 30. Rxd5 exf4 31. Rxe4 fxg3+ 32. Kxg3 Rg6+ 33. Kh4 Rf2 34. Kxh5 Rfg2 35. Rd8+ Kh7 36. Kh4 Rxh2# 0-1

[Event "Uppsala Young Champions"]
[Site "Uppsala"]
[Date "2017.10.27"]
[Round "1"]
[White "Skaale, Janus"]
[Black "Jazdanovs, Aleksandrs"]
[Result "0-1"]
[WhiteElo "1897"]
[BlackElo "2127"]
[PlyCount "126"]
[EventDate "2017.10.27"]
[EventType "swiss"]
[EventRounds "9"]
[EventCountry "SWE"]
[SourceTitle "CBM 181 Extra"]
[Source "ChessBase"]
[SourceDate "2017.12.12"]
[SourceVersion "1"]
[SourceVersionDate "2017.12.12"]
[SourceQuality "1"]

1. e4 c5 2. Nf3 d6 3. Bb5+ Bd7 4. Bxd7+ Qxd7 5. c4 Nf6 6. Nc3 g6 7. d4 cxd4 8. Nxd4 Bg7 9. Be3 Ng4 10. Qd2 0-0 11. 0-0 Nxe3 12. Qxe3 Nc6 13. Nde2 Qc7 14. Rac1 e6 15. b3 Rfd8 16. Rfd1 Qa5 17. Rc2 Qc5 18. Qxc5 dxc5 19. Rcd2 Kf8 20. Nb5 Rxd2 21. Rxd2 Ke7 22. f4 f5 23. e5 Rd8 24. Rxd8 Kxd8 25. Nec3 Bf8 26. Kf2 a6 27. Na3 Nd4 28. Ne2 Kc7 29. Ke3 b5 30. Kd3 Nxe2 31. Kxe2 Kc6 32. Kd3 Be7 33. Nc2 g5 34. g3 gxf4 35. gxf4 Bh4 36. Ke2 Kb6 37. Ne3 Ka5 38. Nd1 bxc4 39. bxc4 Kb4 40. Nb2 Kc3 41. Na4+ Kxc4 42. Nb6+ Kd4 43. Nd7 Be7 44. Nf6 c4 45. Kd2 c3+ 46. Kc2 Ke3 47. Kxc3 Kxf4 48. Kd4 Ba3 49. Nxh7 Bb2+ 50. Kd3 Kxe5 51. Ng5 Kd5 52. Nf3 e5 53. Ke2 e4 54. Nd2 a5 55. h4 f4 56. h5 Bg7 57. Nb3 a4 58. Nd2 Kd4 59. Nf1 Kc3 60. Nd2 f3+ 61. Ke1 Kd3 62. Nf1 e3 63. Ng3 Bc3+ 0-1